000 00622nam a2200229 i 4500
001 C2-0305651
003 PPAK
005 20180728090957.0
008 100829s1961 -hk |||| ||||| | may d
040 _aPPAK
_beng
_cPPAK
_erda
082 0 4 _a899.231
_223
090 0 0 _a899.231
_bLOO
_dKIH
100 0 _aLoo mun,
_eauthor
245 1 0 _aPantun melayu di-gubah oleh loo mun
264 1 _aHong Kong :
_bThe earth publications Ltd. ,
_c1961
300 _a71 pages ;
_c18 cm
336 _2rdacontent
_atext
337 _2rdamedia
_aunmediated
338 _2rdacarrier
_avolume
650 1 0 _aMalay poetry
942 _ddc
_cB
999 _c108645
_d108645